[Event "VIE-ch U20"]
[Site "Hanoi"]
[Date "2022.06.15"]
[Round "7"]
[White "Le, Nhat Khanh Huy"]
[Black "Luu, Huong Cuong Thinh"]
[Result "0-1"]
[WhiteElo "2270"]
[BlackElo "2256"]
[PlyCount "58"]
[EventDate "2022.06.11"]
[EventType "swiss"]
[EventRounds "9"]
[EventCountry "VIE"]
[SourceTitle "EXT 2023"]
[Source "ChessBase"]
[SourceDate "2022.10.05"]
[SourceVersion "1"]
[SourceVersionDate "2022.10.05"]
[SourceQuality "1"]

1. e4 c6 2. d4 d5 3. e5 Bf5 4. g4 Bg6 5. e6 Qc8 6. exf7+ Bxf7 7. Bd3 Qe6+ 8. Be3 Nf6 9. h3 Bg6 10. Nf3 Bxd3 11. Qxd3 Qe4 12. Qe2 e6 13. a3 Nbd7 14. Nc3 Qg6 15. Ng5 0-0-0 16. Nxe6 Re8 17. Nf4 Qf7 18. 0-0-0 Bd6 19. Ng2 Nb6 20. Qf3 Qe7 21. Qf5+ Kd8 22. Nb1 Ne4 23. Qf3 Rhf8 24. Qe2 Nxf2 25. Qd2 Nc4 26. Bg5 Nxd2 27. Bxe7+ Rxe7 28. Nxd2 Nxh1 29. Rxh1 Rf2 0-1

[Event "VIE-chT"]
[Site "Hanoi"]
[Date "2022.03.29"]
[Round "3.15"]
[White "Pham, Tran Gia Phuc"]
[Black "Luu, Huong Cuong Thinh"]
[Result "1-0"]
[WhiteElo "1912"]
[BlackElo "1445"]
[PlyCount "77"]
[EventDate "2022.03.28"]
[EventType "swiss"]
[EventRounds "9"]
[EventCountry "VIE"]
[SourceTitle "EXT 2023"]
[Source "ChessBase"]
[SourceDate "2022.10.05"]
[SourceVersion "1"]
[SourceVersionDate "2022.10.05"]
[SourceQuality "1"]

1. d4 d5 2. Bf4 Nf6 3. e3 Bf5 4. c3 c6 5. Nd2 e6 6. Ngf3 Nbd7 7. Be2 Be7 8. 0-0 h6 9. Ne5 0-0 10. h3 a5 11. a4 Ne4 12. Ndf3 Nxe5 13. Nxe5 Bh7 14. Qb3 Nd6 15. Bh2 Ra7 16. Rac1 f6 17. Nd3 Nc4 18. Rfd1 b5 19. axb5 Rb7 20. Qa2 Bxd3 21. Bxd3 cxb5 22. b3 Nd6 23. Ra1 Ra7 24. Bxd6 Bxd6 25. Bxb5 Qc7 26. c4 Bb4 27. Rac1 Qb6 28. Qe2 Rc7 29. cxd5 exd5 30. Qf3 Rd8 31. Rxc7 Qxc7 32. Qf5 Kf8 33. Qh7 Bd6 34. Bd3 Qf7 35. Rc1 Rb8 36. Rc6 Qd7 37. Ra6 Qc7 38. g4 Bg3 39. Kg2 1-0

[Event "VIE-chT"]
[Site "Ho Chi Minh City"]
[Date "2019.09.28"]
[Round "4.34"]
[White "Luu, Huong Cuong Thinh"]
[Black "Le, Minh Kha"]
[Result "1-0"]
[WhiteElo "1445"]
[BlackElo "1905"]
[PlyCount "35"]
[EventDate "2019.09.26"]
[EventType "team-swiss"]
[EventRounds "9"]
[EventCountry "VIE"]
[SourceTitle "EXT 2020"]
[Source "ChessBase"]
[SourceDate "2019.10.17"]
[SourceVersion "1"]
[SourceVersionDate "2019.10.17"]
[SourceQuality "1"]

1. d4 c5 2. e3 e6 3. Nf3 Nc6 4. Be2 Nf6 5. 0-0 Be7 6. b3 0-0 7. Bb2 b6 8. c4 d5 9. Nc3 Bb7 10. Rc1 Rc8 11. cxd5 exd5 12. dxc5 bxc5 13. Na4 Nb4 14. Bxf6 gxf6 15. a3 Na6 16. Nh4 Qd7 17. Bg4 Qc6 18. Bf5 1-0

[Event "VIE-chT"]
[Site "Ho Chi Minh City"]
[Date "2019.09.27"]
[Round "2.18"]
[White "Tran, Xuan Tu"]
[Black "Luu, Huong Cuong Thinh"]
[Result "1-0"]
[WhiteElo "2093"]
[BlackElo "1445"]
[PlyCount "85"]
[EventDate "2019.09.26"]
[EventType "team-swiss"]
[EventRounds "9"]
[EventCountry "VIE"]
[SourceTitle "EXT 2020"]
[Source "ChessBase"]
[SourceDate "2019.10.17"]
[SourceVersion "1"]
[SourceVersionDate "2019.10.17"]
[SourceQuality "1"]

1. e4 e6 2. d4 d5 3. Nc3 Bb4 4. e5 Ne7 5. a3 Bxc3+ 6. bxc3 c5 7. Nf3 Nbc6 8. a4 Qa5 9. Bd2 c4 10. Qb1 Bd7 11. Be2 Rb8 12. 0-0 b5 13. axb5 Rxb5 14. Rxa5 Rxb1 15. Rxb1 Nxa5 16. Bc1 Nc8 17. Ba3 h6 18. Nd2 Bc6 19. f4 Nb6 20. g4 Ba4 21. Bd1 Kd7 22. Bc5 Nc6 23. f5 Rb8 24. Ra1 Rg8 25. fxe6+ fxe6 26. Kf2 Ne7 27. Ke3 Bc6 28. Nf3 Nec8 29. Bb4 Ne7 30. Be2 Na4 31. Rf1 Rf8 32. h4 Rf7 33. h5 g5 34. hxg6 Nxg6 35. Rh1 Nf4 36. Rxh6 Nxe2 37. Kxe2 Rg7 38. g5 a5 39. Bxa5 Ke7 40. Bb4+ Kf7 41. Rf6+ Kg8 42. g6 Bb7 43. Ng5 1-0